Five Most Guessed British Things - Statistics

General Stats
  • This quiz has been taken 1,849 times
  • The average score is 24 of 40
Answer Stats
Category % Answer % Correct
Official Cities 98% London
100%
Official Cities 93% Manchester
95%
Monarch Names 97% Elizabeth
92%
Shakespeare Plays 94% Romeo and Juliet
90%
Official Cities 89% Liverpool
89%
Best-Selling Bands 95% The Beatles
87%
Prime Ministers 91% Margaret Thatcher
86%
Monarch Names 87% Charles
84%
Official Cities 89% Edinburgh
84%
Prime Ministers 90% Winston Churchill
84%
Shakespeare Plays 88% Hamlet
82%
Monarch Names 95% Henry
81%
Official Cities 87% Glasgow
79%
Prime Ministers 95% Boris Johnson
78%
Monarch Names 90% George
72%
Prime Ministers 86% Tony Blair
70%
Shakespeare Plays 82% MacBeth
68%
Monarch Names 88% William
66%
Best-Selling Bands 66% The Rolling Stones
64%
English Counties 82% North Yorkshire
63%
Overseas Territories 71% Gibraltar
56%
Shakespeare Plays 68% Othello
53%
Prime Ministers 90% Rishi Sunak
53%
Overseas Territories 66% Falkland Islands
51%
English Counties 79% Cornwall
48%
English Counties 74% Essex
48%
English Counties 71% Kent
48%
Scottish Islands 88% Shetland
47%
Overseas Territories 78% British Virgin Islands
46%
Scottish Islands 78% Skye
46%
Scottish Islands 84% Mainland, Orkney
44%
Overseas Territories 46% Bermuda
42%
English Counties 73% Devon
40%
Shakespeare Plays 74% A Midsummer Night's Dream
38%
Best-Selling Bands 69% Queen
34%
Scottish Islands 56% Lewis and Harris
32%
Overseas Territories 36% Cayman Islands
25%
Best-Selling Bands 82% Pink Floyd
21%
Scottish Islands 54% Mull
18%
Best-Selling Bands 63% Eurythmics
3%
No matching quizzes found
Score Distribution
Percent of People with Each Score
Percentile by Number Answered
Your Score History
You have not taken this quiz